000 00526nam a2200181 a 4500
005 20140310183154.0
008 021014s19uu xx 00 eng d
020 _a981204387x
050 _aHF 5389
_b.C529 1996
100 _aChew, Sally
245 _aBusiness etiquette :
_ban essential guide for executives /
_cSally Chew.
260 _aSingapore :
_bTimes Books International,
_c1996.
300 _a152 p. :
_bill. ;
_c22 cm.
521 _aBSBA
650 _aBusiness etiquette
942 _cBK
_2lcc
_kFOR
999 _c19707
_d19707